Jeremías

Zapisane w:
Opis bibliograficzny
Główni autorzy: Alonso Schökel, Luis (autor), Valverde, José Maria (Autor)
Kolejni autorzy: Mateos Alvarez, Juan José (autor)
Format: Książka
Język:hiszpański
Wydane: Madrid Ediciones Cristiandad 1967
Seria:<Los >Libros Sagrados
Hasła przedmiotowe:
Etykiety: Dodaj etykietę
Nie ma etykietki, Dołącz pierwszą etykiete!

MARC

LEADER 00000nam a2200000 a 4500
001 UCR1164
003 CL-VaPUC
008 971212e19670000SP |||||||||||||||||spa|d
082 0 4 |a 224.2  |b ALO  |2 21 
100 |a Alonso Schökel, Luis  |e autor  |9 591055 
700 |a Mateos Alvarez, Juan José  |e autor  |9 314392 
700 0 |a Valverde, José Maria  |e author  |9 398062 
245 1 0 |a Jeremías 
300 |a 236 p 
942 |c BK 
945 |d 19971212 00:00:00  |a jquezada 
260 |a Madrid  |b Ediciones Cristiandad  |c 1967 
650 7 |a LIBROS SAGRADOS  |2 CL-VaPUC  |9 398063 
650 0 |a Antiguo testamento   |9 313678 
650 7 |a DOCTRINAS RELIGIOSAS  |2 CL-VaPUC  |9 337177 
650 0 |a Teología   |9 258766 
650 0 |a Profetas  |9 314377 
583 |a last modification  |c 19971212 00:00:00  |k Rodrigo Vera 
490 0 |a <Los >Libros Sagrados 
999 |c 264646  |d 264644 
952 |0 0  |1 0  |4 0  |6 224_200000000000000_ALO_1967  |7 0  |8 A  |9 295018  |a BIBTEO  |b BIBTEO  |d 2019-11-19  |i 3370550  |o 224.2 ALO 1967  |p 3370550  |r 2025-01-17  |w 2019-11-19  |y BK  |k ICR 
952 |0 0  |1 2  |4 0  |6 224_200000000000000_ALO_1967  |7 0  |8 A  |9 295019  |a BIBTEO  |b BIBTEO  |d 2019-11-19  |i 3369706  |o 224.2 ALO 1967  |p 3369706  |r 2019-11-19  |w 2019-11-19  |x Descarte 2019  |y BK  |k ICR